Lidský faktor a personální management

Gespeichert in:
Bibliographische Detailangaben
1. Verfasser: Werther, William B.
Weitere Verfasser: Davis, Keith, Procházková, Barbora
Format: Buch
Sprache:Tschechisch
Veröffentlicht: Praha Victoria Publ. 1992
Ausgabe:1. vyd.
Schlagworte:
Tags: Tag hinzufügen
Keine Tags, Fügen Sie das erste Tag hinzu!

MARC

LEADER 00000nam a2200000 4500
001 c002323
005 20221206084752.5
020 |a 80-85605-04-X 
041 0 |a cze 
044 |a CZ 
245 1 0 |a Lidský faktor a personální management  |c William B. Werther, Keith Davis ; [Z angl. prel. Barbora Procházková] 
250 |a 1. vyd. 
264 1 |a Praha  |b Victoria Publ.  |c 1992 
300 |a 611 s. 
610 2 0 |a politika personálna 
610 2 0 |a činiteľ ľudský 
610 2 0 |a manažment 
610 2 0 |a prostredie pracovné 
610 2 0 |a príležitosť pracovná 
610 2 0 |a plán 
610 2 0 |a plánovanie 
610 2 0 |a príprava odborná 
610 2 0 |a kvalifikácia 
610 2 0 |a zamestnanci 
610 2 0 |a výber pracovníkov 
610 2 0 |a odmeňovanie 
610 2 0 |a zabezpečenie sociálne 
610 2 0 |a stimulovanie ekonomické 
610 2 0 |a odbory 
610 2 0 |a vedenie 
610 2 0 |a vzťahy medziľudské 
610 2 0 |a zmluvy pracovné 
100 1 |a Werther, William B. 
700 1 |a Davis, Keith 
700 1 |a Procházková, Barbora